<?xml version="1.0" encoding="UTF-8"?>
<record
    xmlns:xsi="http://www.w3.org/2001/XMLSchema-instance"
    xsi:schemaLocation="http://www.loc.gov/MARC21/slim http://www.loc.gov/standards/marcxml/schema/MARC21slim.xsd"
    xmlns="http://www.loc.gov/MARC21/slim">

  <leader>01637nam a22002417a 4500</leader>
  <controlfield tag="005">20220331113946.0</controlfield>
  <controlfield tag="008">220331b           ||||| |||| 00| 0 eng d</controlfield>
  <datafield tag="020" ind1=" " ind2=" ">
    <subfield code="a">8173152616</subfield>
  </datafield>
  <datafield tag="040" ind1=" " ind2=" ">
    <subfield code="c">AL</subfield>
  </datafield>
  <datafield tag="041" ind1=" " ind2=" ">
    <subfield code="a">Hindi</subfield>
  </datafield>
  <datafield tag="082" ind1=" " ind2=" ">
    <subfield code="2">23</subfield>
    <subfield code="a">363.9</subfield>
    <subfield code="b">EVAF</subfield>
  </datafield>
  <datafield tag="100" ind1=" " ind2=" ">
    <subfield code="a">L T Evans</subfield>
    <subfield code="9">26944</subfield>
  </datafield>
  <datafield tag="245" ind1=" " ind2=" ">
    <subfield code="a">Feeding the Ten Billion: Plants and Population Growth </subfield>
  </datafield>
  <datafield tag="260" ind1=" " ind2=" ">
    <subfield code="a">Cambridge</subfield>
    <subfield code="b">Cambridge University Press</subfield>
    <subfield code="c">1998</subfield>
  </datafield>
  <datafield tag="300" ind1=" " ind2=" ">
    <subfield code="a">xiv,247 p.</subfield>
    <subfield code="b">PB</subfield>
    <subfield code="c">23x15 cm.</subfield>
  </datafield>
  <datafield tag="520" ind1=" " ind2=" ">
    <subfield code="a">At the current rate of increase, the world's population is likely to reach ten billion by the middle of the twenty-first century. What will be the challenges posed by feeding this population and how can they be addressed? Written to mark the 200th anniversary of the publication of Malthus' seminal Essay on the Principle of Population, this fascinating book looks at the intimate links between population growth and agricultural innovation over the past 10,000 years, illustrating how the evolution of agriculture has both shaped and been shaped by the course of world population growth. This historical context serves to illuminate our present position and to aid understanding of possible future paths to food security for the planet. This volume is a unique and accessible account that will be of interest to a wide audience concerned with global population, food supply, agricultural development, environmental degradation and resource depletion.
</subfield>
  </datafield>
  <datafield tag="650" ind1=" " ind2=" ">
    <subfield code="a">Population</subfield>
    <subfield code="9">26945</subfield>
  </datafield>
  <datafield tag="650" ind1=" " ind2=" ">
    <subfield code="a">Agriculture -- Economic aspects</subfield>
    <subfield code="9">26946</subfield>
  </datafield>
  <datafield tag="650" ind1=" " ind2=" ">
    <subfield code="a">Overpopulation</subfield>
    <subfield code="9">26947</subfield>
  </datafield>
  <datafield tag="650" ind1=" " ind2=" ">
    <subfield code="a"> Food supply</subfield>
    <subfield code="9">26948</subfield>
  </datafield>
  <datafield tag="700" ind1=" " ind2=" ">
    <subfield code="a">EVANS (L T)</subfield>
    <subfield code="9">26949</subfield>
  </datafield>
  <datafield tag="942" ind1=" " ind2=" ">
    <subfield code="2">ddc</subfield>
    <subfield code="c">GF</subfield>
  </datafield>
  <datafield tag="999" ind1=" " ind2=" ">
    <subfield code="c">222116</subfield>
    <subfield code="d">222116</subfield>
  </datafield>
  <datafield tag="952" ind1=" " ind2=" ">
    <subfield code="0">0</subfield>
    <subfield code="1">0</subfield>
    <subfield code="2">ddc</subfield>
    <subfield code="4">0</subfield>
    <subfield code="7">0</subfield>
    <subfield code="8">SW</subfield>
    <subfield code="a">AL</subfield>
    <subfield code="b">AL</subfield>
    <subfield code="d">2013-03-24</subfield>
    <subfield code="l">0</subfield>
    <subfield code="o">363.9 EVAF</subfield>
    <subfield code="p">GF03607</subfield>
    <subfield code="r">2022-03-31 00:00:00</subfield>
    <subfield code="w">2022-03-31</subfield>
    <subfield code="y">GF</subfield>
  </datafield>
</record>
